01016nam a22002657a 4500003000500000005001700005008004200022010001300064020002300077035001300100037001600113040001500129082001600144100003400160245006400194260004700258270006600305300002000371650002500391650002900416942002500445999001900470952012700489952013400616dpl020180713103024.0180713b xxu||||| |||| 00| 0 eng d0 aB-129992 c200.00a8188340073 aB-129999 bCen Lib/Ret aDPLbENc0 a305.56bRAS aRashtrapal, Praveen S.912254 raThe Betrayal : cby Parveen S. Rashtrpalban inside story / bSamrudh Bharat Publications aMumbaic2003 aB-6, Shalimar Apt., W.E. Highway Santacruz(E)bMumbaie400055 a262p.c21m(pbk) aIndian society95748 aSocial inequality934090 2ddccENh305.56mRAS c124881d124881 00104070aLbLd2015-06-18eCen Lib/Retg200.00l0o305.56 RASpB-129992r2015-06-18 00:00:00t1v200.00w2016-09-15yEN 00102ddc40708NFICaTNbTNd2018-07-13eBPPD/pubg200.00l0o305.56 RASpB-129999r2018-07-13 00:00:00v200.00w2018-07-13yEN